| 000 | 00355nam a2200145Ia 4500 | ||
|---|---|---|---|
| 008 | 150301s2014 xx 000 0 und d | ||
| 082 |
_a618.2 _bM14B |
||
| 100 | _aBASKETT, THOMAS F. | ||
| 245 | _aMUNRO KERR'S OPERATIVE OBSTETRICS | ||
| 250 | _a12TH | ||
| 260 |
_bSAUNDERS _aEDINBURGH _c2014 |
||
| 300 | _a293 | ||
| 650 | _aOBST. & GYNE | ||
| 942 |
_2ddc _cBK |
||
| 999 |
_c6742 _d6742 |
||